000 00450nam a2200181Ia 4500
001 20798
005 20260306172832.0
008 260306t2018||||xx |||||||||||||| ||spa||
041 _aESP
082 _a343.8
_bC14
100 _aCachay Castañeda, José
_eAUT
245 0 _aVehículos, gastos deducibles:
_bgastos deducibles
260 _c2018
300 _a48 páginas :
_c23 cm.
650 _aGEN
654 _aCDE
942 _cLIB
_dJUS
_fJUS
_2ddc
_n
999 _c20798
_d20798